00778nam a2200229 a 450000100060000000300080000600500170001400800410003103500190007204000280009104100080011908200260012710000580015324500460021126000420025730000290029950400270032865000210035594200120037699900170038895201430040543812BD-RjUL20211209053745.0160627s1952 nyua b 000 0 eng  a(BD-RjUL)43930 aDLCcCarPdBD-RjULbeng aeng 223a371.393bDOS 19521 aDonaldson, George W.q(George Warren),d1915-913466510aSchool camping /cby George W. Donaldson aNew York :bAssociation Press,cc1952 a140 p. :bill. ;c19 cm. aIncludes bibliography. 0aCamping.9134666 2ddccBK c43812d43812 00102ddc40708NFICaRUCLbRUCLcStackd1958-02-22eU.S.I.S. Dhaka gratisl0o371.393 DOS 1952r2016-06-27 00:00:00tC-2w2016-06-27yBK